Teoría de la organización (Registro nro. 2571)

Detalles MARC
000 -LEADER
fixed length control field 01062 a2200229 4500
001 - CONTROL NUMBER
control field 35644
005 - DATE AND TIME OF LATEST TRANSACTION
control field 20260407155636.0
008 - FIXED-LENGTH DATA ELEMENTS--GENERAL INFORMATION
fixed length control field 260407a1969 arg spa d
003 - CONTROL NUMBER IDENTIFIER
control field AR-UNSa-BCEJYS
040 ## - CATALOGING SOURCE
Original cataloging agency AR-UNSa-BCEJYS
Language of cataloging spa
Transcribing agency AR-UNSa-BCEJYS
080 ## - UNIVERSAL DECIMAL CLASSIFICATION NUMBER
Universal Decimal Classification number 658.01
Common auxiliary subdivision Metodología. Teoría y práctica de la organización( teoria de la organización, análisis organizacional...)
100 1# - MAIN ENTRY--PERSONAL NAME
Personal name Simon, Herbert A.
245 10 - TITLE STATEMENT
Title Teoría de la organización
264 #1 - PRODUCTION, PUBLICATION, DISTRIBUTION, MANUFACTURE, AND COPYRIGHT NOTICE
Place of production, publication, distribution, manufacture Barcelona :
Name of producer, publisher, distributor, manufacturer Ariel
Date of production, publication, distribution, manufacture, or copyright notice 1969
300 ## - PHYSICAL DESCRIPTION
Extent 285 p.
Dimensions 23 cm.
505 ## - FORMATTED CONTENTS NOTE
Formatted contents note 1. Comportamiento en la organización - 2. Teoría clásica de la organización - 3. Restricciones de motivación, decisiones internas de la organización - 4. Restricciones de motivación, la decisión de participar - 5. El conflicto en las organizaciones - 6. Límites cognitivos sobre racionalidad - 7. Planificación e innovación en las organizaciones.
590 ## - LOCAL NOTE (RLIN)
Local note niveau_biblio:m niveau_hierar:0
700 1# - ADDED ENTRY--PERSONAL NAME
Personal name March, James Gary
700 1# - ADDED ENTRY--PERSONAL NAME
Personal name Maluquer Wahl, Juan
700 1# - ADDED ENTRY--PERSONAL NAME
Personal name Guetzkow, Harold
942 ## - ADDED ENTRY ELEMENTS (KOHA)
Koha item type
Existencias
Withdrawn status Lost status Damaged status Not for loan Home library Current library Shelving location Date acquired Total checkouts Full call number Barcode Date last seen Price effective from Koha item type
        Biblioteca Prof. Eusebio Cleto del Rey Biblioteca Prof. Eusebio Cleto del Rey   07/04/2026   658.01 M315 L22842 07/04/2026 07/04/2026 Libro
        Biblioteca Prof. Eusebio Cleto del Rey Biblioteca Prof. Eusebio Cleto del Rey   07/04/2026   658.01 M315 L22843 07/04/2026 07/04/2026 Libro